| 000 | 00700nam a2200229 a 4500 | ||
|---|---|---|---|
| 001 | 51961 | ||
| 003 | BD-RjUL | ||
| 005 | 20211209075733.0 | ||
| 008 | 160905s1984 ii b b s001 0 eng | ||
| 020 | _cRs40.00 | ||
| 035 | _a(BD-RjUL)52081 | ||
| 040 |
_aBD-RjUL _cDLC _dOCoLC _dDLC _beng |
||
| 041 | _aeng | ||
| 082 | 0 | 0 |
_223 _a330.95414 _bGUE 1984 |
| 100 | 1 |
_aGupta, Ranjan Kumar, _d1932- _9155388 |
|
| 245 | 1 | 4 |
_aThe economic life of a Bengal district, Birbhum, 1770-1857 / _cRanjan Kumar Gupta. |
| 260 |
_aBurdwan : _bUniversity of Burdwan, _c1984. |
||
| 300 |
_axvi, 351 p. ; _c22 cm. |
||
| 500 | _aIncludes index. | ||
| 651 | 0 |
_aBīrbhūm India _xEconomic conditions. _9155389 |
|
| 942 |
_2ddc _cBK |
||
| 999 |
_c51961 _d51961 |
||